<?xml version="1.0" encoding="UTF-8"?>
<record
    xmlns:xsi="http://www.w3.org/2001/XMLSchema-instance"
    xsi:schemaLocation="http://www.loc.gov/MARC21/slim http://www.loc.gov/standards/marcxml/schema/MARC21slim.xsd"
    xmlns="http://www.loc.gov/MARC21/slim">

  <leader>00842nas a2200253 454500</leader>
  <controlfield tag="001">35620</controlfield>
  <controlfield tag="005">20260407193509.0</controlfield>
  <controlfield tag="008">260407s1974####ag###########|||spa#d</controlfield>
  <controlfield tag="003">AR-UNSa-BCEJYS</controlfield>
  <datafield tag="040" ind1=" " ind2=" ">
    <subfield code="a">AR-UNSa-BCEJYS</subfield>
    <subfield code="b">spa</subfield>
    <subfield code="c">AR-UNSa-BCEJYS</subfield>
  </datafield>
  <datafield tag="080" ind1=" " ind2=" ">
    <subfield code="a">339.7</subfield>
    <subfield code="x">Finanzas Internacionales</subfield>
  </datafield>
  <datafield tag="245" ind1="1" ind2="0">
    <subfield code="a">Boletin del FMI</subfield>
    <subfield code="n">IMF Survey</subfield>
  </datafield>
  <datafield tag="022" ind1=" " ind2=" ">
    <subfield code="a">0250-7240</subfield>
  </datafield>
  <datafield tag="264" ind1=" " ind2="1">
    <subfield code="a">Washington :</subfield>
    <subfield code="b">Fondo Monetario Internacional</subfield>
    <subfield code="c">1974</subfield>
  </datafield>
  <datafield tag="310" ind1=" " ind2=" ">
    <subfield code="a">Frecuencia: Quincenal</subfield>
  </datafield>
  <datafield tag="041" ind1=" " ind2=" ">
    <subfield code="a">spa</subfield>
  </datafield>
  <datafield tag="942" ind1=" " ind2=" ">
    <subfield code="c">SER</subfield>
  </datafield>
  <datafield tag="590" ind1=" " ind2=" ">
    <subfield code="a">niveau_biblio:s niveau_hierar:1</subfield>
  </datafield>
  <datafield tag="100" ind1="1" ind2=" ">
    <subfield code="a">Fondo Monetario Internacional</subfield>
  </datafield>
  <datafield tag="650" ind1=" " ind2=" ">
    <subfield code="a">Sistema monetario internacional</subfield>
  </datafield>
  <datafield tag="650" ind1=" " ind2=" ">
    <subfield code="a">Relaciones econ&#xF3;micas internacionales</subfield>
  </datafield>
  <datafield tag="650" ind1=" " ind2=" ">
    <subfield code="a">FINANZAS INTERNACIONALES</subfield>
  </datafield>
  <datafield tag="856" ind1="4" ind2="1">
    <subfield code="u">https://biblioeco.unsa.edu.ar/pmb/images/revistas/boletinDlFMI.jpg</subfield>
    <subfield code="y">Imagen de portada</subfield>
    <subfield code="q">image/jpeg</subfield>
  </datafield>
  <datafield tag="999" ind1=" " ind2=" ">
    <subfield code="c">8771</subfield>
    <subfield code="d">8771</subfield>
  </datafield>
  <datafield tag="952" ind1=" " ind2=" ">
    <subfield code="0">0</subfield>
    <subfield code="1">0</subfield>
    <subfield code="4">0</subfield>
    <subfield code="7">0</subfield>
    <subfield code="a">BCEJYS</subfield>
    <subfield code="b">BCEJYS</subfield>
    <subfield code="c">17</subfield>
    <subfield code="d">2004-03-08</subfield>
    <subfield code="h">Vol. 33, N&#xBA; 4 - mar. 2004</subfield>
    <subfield code="l">0</subfield>
    <subfield code="o">H339.7 BOL v33.n4</subfield>
    <subfield code="p">R19990</subfield>
    <subfield code="r">2026-04-10 16:09:48</subfield>
    <subfield code="w">2026-04-10</subfield>
    <subfield code="y">RN</subfield>
  </datafield>
  <datafield tag="952" ind1=" " ind2=" ">
    <subfield code="0">0</subfield>
    <subfield code="1">0</subfield>
    <subfield code="4">0</subfield>
    <subfield code="7">0</subfield>
    <subfield code="a">BCEJYS</subfield>
    <subfield code="b">BCEJYS</subfield>
    <subfield code="c">17</subfield>
    <subfield code="d">2003-01-27</subfield>
    <subfield code="h">Vol. 32, N&#xBA; 1/22 - ene./dic. 2003</subfield>
    <subfield code="l">0</subfield>
    <subfield code="o">H339.7 BOL 2003</subfield>
    <subfield code="p">R18124</subfield>
    <subfield code="r">2026-04-10 16:09:48</subfield>
    <subfield code="w">2026-04-10</subfield>
    <subfield code="y">RN</subfield>
  </datafield>
  <datafield tag="952" ind1=" " ind2=" ">
    <subfield code="0">0</subfield>
    <subfield code="1">0</subfield>
    <subfield code="4">0</subfield>
    <subfield code="7">0</subfield>
    <subfield code="a">BCEJYS</subfield>
    <subfield code="b">BCEJYS</subfield>
    <subfield code="c">17</subfield>
    <subfield code="d">2002-11-11</subfield>
    <subfield code="h">Vol. 31, N&#xBA; 20 - nov. 2002</subfield>
    <subfield code="l">0</subfield>
    <subfield code="o">H339.7 BOL v31.n20</subfield>
    <subfield code="p">R19921</subfield>
    <subfield code="r">2026-04-10 16:09:48</subfield>
    <subfield code="w">2026-04-10</subfield>
    <subfield code="y">RN</subfield>
  </datafield>
  <datafield tag="952" ind1=" " ind2=" ">
    <subfield code="0">0</subfield>
    <subfield code="1">0</subfield>
    <subfield code="4">0</subfield>
    <subfield code="7">0</subfield>
    <subfield code="a">BCEJYS</subfield>
    <subfield code="b">BCEJYS</subfield>
    <subfield code="c">17</subfield>
    <subfield code="d">2001-11-19</subfield>
    <subfield code="h">Vol. 30, N&#xBA; 21 - nov. 2001</subfield>
    <subfield code="l">0</subfield>
    <subfield code="o">H339.7 BOL v30.n21</subfield>
    <subfield code="p">R19920</subfield>
    <subfield code="r">2026-04-10 16:09:48</subfield>
    <subfield code="w">2026-04-10</subfield>
    <subfield code="y">RN</subfield>
  </datafield>
  <datafield tag="952" ind1=" " ind2=" ">
    <subfield code="0">0</subfield>
    <subfield code="1">0</subfield>
    <subfield code="4">0</subfield>
    <subfield code="7">0</subfield>
    <subfield code="a">BCEJYS</subfield>
    <subfield code="b">BCEJYS</subfield>
    <subfield code="c">17</subfield>
    <subfield code="d">2001-08-06</subfield>
    <subfield code="h">Vol. 30, N&#xBA; 15 - ago. 2001</subfield>
    <subfield code="l">0</subfield>
    <subfield code="o">H339.7 BOL v30.n15</subfield>
    <subfield code="p">R20318</subfield>
    <subfield code="r">2026-04-10 16:09:48</subfield>
    <subfield code="w">2026-04-10</subfield>
    <subfield code="y">RN</subfield>
  </datafield>
  <datafield tag="952" ind1=" " ind2=" ">
    <subfield code="0">0</subfield>
    <subfield code="1">0</subfield>
    <subfield code="4">0</subfield>
    <subfield code="7">0</subfield>
    <subfield code="a">BCEJYS</subfield>
    <subfield code="b">BCEJYS</subfield>
    <subfield code="c">17</subfield>
    <subfield code="d">2000-10-30</subfield>
    <subfield code="h">Vol. 29, N&#xBA; 20 - oct. 2000</subfield>
    <subfield code="l">0</subfield>
    <subfield code="o">H339.7 BOL v29.n20</subfield>
    <subfield code="p">R20317</subfield>
    <subfield code="r">2026-04-10 16:09:48</subfield>
    <subfield code="w">2026-04-10</subfield>
    <subfield code="y">RN</subfield>
  </datafield>
  <datafield tag="952" ind1=" " ind2=" ">
    <subfield code="0">0</subfield>
    <subfield code="1">0</subfield>
    <subfield code="4">0</subfield>
    <subfield code="7">0</subfield>
    <subfield code="a">BCEJYS</subfield>
    <subfield code="b">BCEJYS</subfield>
    <subfield code="c">17</subfield>
    <subfield code="d">1999-01-18</subfield>
    <subfield code="h">Vol. 28, N&#xBA; 1/22 - ene./dic. 1999</subfield>
    <subfield code="l">0</subfield>
    <subfield code="o">H339.7 BOL 1999</subfield>
    <subfield code="p">R18123</subfield>
    <subfield code="r">2026-04-10 16:09:48</subfield>
    <subfield code="w">2026-04-10</subfield>
    <subfield code="y">RN</subfield>
  </datafield>
  <datafield tag="952" ind1=" " ind2=" ">
    <subfield code="0">0</subfield>
    <subfield code="1">0</subfield>
    <subfield code="4">0</subfield>
    <subfield code="7">0</subfield>
    <subfield code="a">BCEJYS</subfield>
    <subfield code="b">BCEJYS</subfield>
    <subfield code="c">17</subfield>
    <subfield code="d">1995-01-16</subfield>
    <subfield code="h">Vol. 24/25, N&#xBA; 1/23 - ene. 1995/dic. 1996</subfield>
    <subfield code="l">0</subfield>
    <subfield code="o">H339.7 BOL 1995/96</subfield>
    <subfield code="p">R18122</subfield>
    <subfield code="r">2026-04-10 16:09:48</subfield>
    <subfield code="w">2026-04-10</subfield>
    <subfield code="y">RN</subfield>
  </datafield>
  <datafield tag="952" ind1=" " ind2=" ">
    <subfield code="0">0</subfield>
    <subfield code="1">0</subfield>
    <subfield code="4">0</subfield>
    <subfield code="7">0</subfield>
    <subfield code="a">BCEJYS</subfield>
    <subfield code="b">BCEJYS</subfield>
    <subfield code="c">17</subfield>
    <subfield code="d">1993-01-18</subfield>
    <subfield code="h">Vol. 22/23, N&#xBA; 2/23 - ene. 1993/dic. 1994</subfield>
    <subfield code="l">0</subfield>
    <subfield code="o">H339.7 BOL 1993/94</subfield>
    <subfield code="p">R18121</subfield>
    <subfield code="r">2026-04-10 16:09:48</subfield>
    <subfield code="w">2026-04-10</subfield>
    <subfield code="y">RN</subfield>
  </datafield>
  <datafield tag="952" ind1=" " ind2=" ">
    <subfield code="0">0</subfield>
    <subfield code="1">0</subfield>
    <subfield code="4">0</subfield>
    <subfield code="7">0</subfield>
    <subfield code="a">BCEJYS</subfield>
    <subfield code="b">BCEJYS</subfield>
    <subfield code="c">17</subfield>
    <subfield code="d">1988-12-19</subfield>
    <subfield code="h">Vol. 19, N&#xBA; 15/23 - dic 1988/ago. 1990</subfield>
    <subfield code="l">0</subfield>
    <subfield code="o">H339.7 BOL 1988/90</subfield>
    <subfield code="p">R18120</subfield>
    <subfield code="r">2026-04-10 16:09:48</subfield>
    <subfield code="w">2026-04-10</subfield>
    <subfield code="y">RN</subfield>
  </datafield>
  <datafield tag="952" ind1=" " ind2=" ">
    <subfield code="0">0</subfield>
    <subfield code="1">0</subfield>
    <subfield code="4">0</subfield>
    <subfield code="7">0</subfield>
    <subfield code="a">BCEJYS</subfield>
    <subfield code="b">BCEJYS</subfield>
    <subfield code="c">17</subfield>
    <subfield code="d">1985-01-14</subfield>
    <subfield code="h">Vol. 14/17 N&#xBA; 1/16 - ene. 1985/ago. 1988</subfield>
    <subfield code="l">0</subfield>
    <subfield code="o">H339.7 BOL 1985/88</subfield>
    <subfield code="p">R18258</subfield>
    <subfield code="r">2026-04-10 16:09:48</subfield>
    <subfield code="w">2026-04-10</subfield>
    <subfield code="y">RN</subfield>
  </datafield>
  <datafield tag="952" ind1=" " ind2=" ">
    <subfield code="0">0</subfield>
    <subfield code="1">0</subfield>
    <subfield code="4">0</subfield>
    <subfield code="7">0</subfield>
    <subfield code="a">BCEJYS</subfield>
    <subfield code="b">BCEJYS</subfield>
    <subfield code="c">17</subfield>
    <subfield code="d">1983-01-17</subfield>
    <subfield code="h">Vol. 12/13 N&#xBA; 1/23 - ene./dic. 1983/84</subfield>
    <subfield code="l">0</subfield>
    <subfield code="o">H339.7 BOL 1983/84</subfield>
    <subfield code="p">R18257</subfield>
    <subfield code="r">2026-04-10 16:09:48</subfield>
    <subfield code="w">2026-04-10</subfield>
    <subfield code="y">RN</subfield>
  </datafield>
  <datafield tag="952" ind1=" " ind2=" ">
    <subfield code="0">0</subfield>
    <subfield code="1">0</subfield>
    <subfield code="4">0</subfield>
    <subfield code="7">0</subfield>
    <subfield code="a">BCEJYS</subfield>
    <subfield code="b">BCEJYS</subfield>
    <subfield code="c">17</subfield>
    <subfield code="d">1981-01-19</subfield>
    <subfield code="h">Vol. 10/11 N&#xBA; 1/23 - ene. 1981/dic. 1982</subfield>
    <subfield code="l">0</subfield>
    <subfield code="o">H339.7 BOL 1981/82</subfield>
    <subfield code="p">R18256</subfield>
    <subfield code="r">2026-04-10 16:09:48</subfield>
    <subfield code="w">2026-04-10</subfield>
    <subfield code="y">RN</subfield>
  </datafield>
  <datafield tag="952" ind1=" " ind2=" ">
    <subfield code="0">0</subfield>
    <subfield code="1">0</subfield>
    <subfield code="4">0</subfield>
    <subfield code="7">0</subfield>
    <subfield code="a">BCEJYS</subfield>
    <subfield code="b">BCEJYS</subfield>
    <subfield code="c">17</subfield>
    <subfield code="d">1979-01-15</subfield>
    <subfield code="h">Vol. 8/9, N&#xBA; 1/22 - ene. 1979/dic. 1980</subfield>
    <subfield code="l">0</subfield>
    <subfield code="o">H339.7 BOL 1979/80</subfield>
    <subfield code="p">R18255</subfield>
    <subfield code="r">2026-04-10 16:09:48</subfield>
    <subfield code="w">2026-04-10</subfield>
    <subfield code="y">RN</subfield>
  </datafield>
  <datafield tag="952" ind1=" " ind2=" ">
    <subfield code="0">0</subfield>
    <subfield code="1">0</subfield>
    <subfield code="4">0</subfield>
    <subfield code="7">0</subfield>
    <subfield code="a">BCEJYS</subfield>
    <subfield code="b">BCEJYS</subfield>
    <subfield code="c">17</subfield>
    <subfield code="d">1977-01-01</subfield>
    <subfield code="h">Vol. 6/7, N&#xBA; 1/23 - ene. 1977/dic. 1978</subfield>
    <subfield code="l">0</subfield>
    <subfield code="o">H339.7 BOL 1977/78</subfield>
    <subfield code="p">R18254</subfield>
    <subfield code="r">2026-04-10 16:09:48</subfield>
    <subfield code="w">2026-04-10</subfield>
    <subfield code="y">RN</subfield>
  </datafield>
  <datafield tag="952" ind1=" " ind2=" ">
    <subfield code="0">0</subfield>
    <subfield code="1">0</subfield>
    <subfield code="4">0</subfield>
    <subfield code="7">0</subfield>
    <subfield code="a">BCEJYS</subfield>
    <subfield code="b">BCEJYS</subfield>
    <subfield code="c">17</subfield>
    <subfield code="d">1976-01-12</subfield>
    <subfield code="h">Vol. 5, N&#xBA; 3/23 - ene./dic. 1976</subfield>
    <subfield code="l">0</subfield>
    <subfield code="o">H339.7 BOL 1976</subfield>
    <subfield code="p">R18118</subfield>
    <subfield code="r">2026-04-10 16:09:48</subfield>
    <subfield code="w">2026-04-10</subfield>
    <subfield code="y">RN</subfield>
  </datafield>
  <datafield tag="952" ind1=" " ind2=" ">
    <subfield code="0">0</subfield>
    <subfield code="1">0</subfield>
    <subfield code="4">0</subfield>
    <subfield code="7">0</subfield>
    <subfield code="a">BCEJYS</subfield>
    <subfield code="b">BCEJYS</subfield>
    <subfield code="c">17</subfield>
    <subfield code="d">1975-01-13</subfield>
    <subfield code="h">Vol. 4, N&#xBA; 2/23 - ene./dic. 1975</subfield>
    <subfield code="l">0</subfield>
    <subfield code="o">H339.7 BOL 1975</subfield>
    <subfield code="p">R18119</subfield>
    <subfield code="r">2026-04-10 16:09:48</subfield>
    <subfield code="w">2026-04-10</subfield>
    <subfield code="y">RN</subfield>
  </datafield>
  <datafield tag="952" ind1=" " ind2=" ">
    <subfield code="0">0</subfield>
    <subfield code="1">0</subfield>
    <subfield code="4">0</subfield>
    <subfield code="7">0</subfield>
    <subfield code="a">BCEJYS</subfield>
    <subfield code="b">BCEJYS</subfield>
    <subfield code="c">17</subfield>
    <subfield code="d">1974-12-01</subfield>
    <subfield code="h">Vol. 3, N&#xBA; 1/23 - ene./dic. 1974</subfield>
    <subfield code="l">0</subfield>
    <subfield code="o">H339.7 BOL 1974</subfield>
    <subfield code="p">R18097</subfield>
    <subfield code="r">2026-04-10 16:09:48</subfield>
    <subfield code="w">2026-04-10</subfield>
    <subfield code="y">RN</subfield>
  </datafield>
</record>
